Counseling et spiritualité = Counselling and spirituality
| Subtitles: | Counselling and spirituality Counselling et spiritualité and spirituality |
|---|---|
| Format: | Electronic Journal |
| Language: | Undetermined language |
| Subito Delivery Service: | Order now. |
| Check availability: | HBZ Gateway |
| WorldCat: | WorldCat |
| Interlibrary Loan: | Für eine Fernleihe wählen Sie bitte zuerst einen Band oder Aufsatz aus. |
| Published: |
Leuven
Peeters
2013-
|
| In: | Year: 2013 |
| Volumes / Articles: | Show volumes/articles. |
| Further subjects: | B
Journal
|
| Online Access: |
Volltext (Frontdoor-Url) Volltext (Publisher) |
| Parallel Edition: | Non-electronic
|
MARC
| LEADER | 00000cas a2200000 c 4500 | ||
|---|---|---|---|
| 001 | 791048802 | ||
| 003 | DE-627 | ||
| 005 | 20240426170711.0 | ||
| 007 | cr ||||||||||| | ||
| 008 | 140723c20139999be z| p|o 0 |0und c | ||
| 016 | 7 | |a 1053716885 |2 DE-101 | |
| 016 | 7 | |a 2777980-4 |2 DE-600 | |
| 022 | |a 2295-2837 | ||
| 035 | |a (DE-627)791048802 | ||
| 035 | |a (DE-576)410016403 | ||
| 035 | |a (DE-599)ZDB2777980-4 | ||
| 035 | |a (OCoLC)1368683273 | ||
| 040 | |a DE-627 |b ger |c DE-627 |e rakwb | ||
| 044 | |c XA-BE | ||
| 082 | 0 | 4 | |a 230 |a 150 |q DE-600 |
| 084 | |a 1 |2 ssgn | ||
| 245 | 0 | 0 | |a Counseling et spiritualité |b = Counselling and spirituality |c Faculty of Human Sciences, Saint Paul University |
| 246 | 3 | 1 | |a Counselling and spirituality |
| 246 | 3 | 3 | |a Counselling et spiritualité and spirituality |
| 264 | 3 | 1 | |a Leuven |b Peeters |c 2013- |
| 300 | |a Online-Ressource | ||
| 336 | |a Text |b txt |2 rdacontent | ||
| 337 | |a Computermedien |b c |2 rdamedia | ||
| 338 | |a Online-Ressource |b cr |2 rdacarrier | ||
| 362 | 0 | |a Nachgewiesen 32.2013 - | |
| 363 | 0 | 1 | |a 32 |i 2013 |
| 500 | |a Gesehen am 16.07.14 | ||
| 655 | 7 | |a Zeitschrift |0 (DE-588)4067488-5 |0 (DE-627)10454466X |0 (DE-576)20917000X |2 gnd-content | |
| 776 | 1 | |x 2295-2799 | |
| 776 | 0 | 8 | |i Erscheint auch als |n Druck-Ausgabe |t Counseling et spiritualité |d Leuven : Peeters, 2006 |w (DE-627)519507851 |w (DE-600)2256320-9 |w (DE-576)258585056 |x 2295-2799 |k Non-Electronic |
| 856 | 4 | 0 | |u http://poj.peeters-leuven.be/content.php?url=journal&journal_code=CS |x Verlag |7 1 |
| 856 | 4 | 0 | |u https://ezb.ur.de/?2777980-4 |x Frontdoor-Url |7 1 |
| 951 | |a JT | ||
| ACO | |a 1 | ||
| BIB | |a 1 | ||
| ELC | |a 1 | ||
| ITA | |a 1 |t 1 | ||
| LOK | |0 000 xxxxxcy a22 3n 4500 | ||
| LOK | |0 001 2813324000 | ||
| LOK | |0 003 DE-627 | ||
| LOK | |0 004 791048802 | ||
| LOK | |0 005 20250114120838 | ||
| LOK | |0 007 ccruuuuuuuuuuuu | ||
| LOK | |0 008 140823||||||||||||||||ger||||||| | ||
| LOK | |0 035 |a (DE-600)298206382 | ||
| LOK | |0 040 |a DE-21 |c DE-627 |d DE-21 | ||
| LOK | |0 092 |o n | ||
| LOK | |0 093 |e Volltext online u. Druckausg. |f Einzellizenz |g Kostenpflichtig | ||
| LOK | |0 852 |a DE-21 | ||
| LOK | |0 852 1 |9 00 | ||
| LOK | |0 85640 |u https://ezb.ur.de/detail.phtml?bibid=UBTUE&jour_id=218626 |x EZB | ||
| LOK | |0 85901 |8 1.1 |a 32 |i 2013 | ||
| LOK | |0 86630 |a 32.2013 - | ||
| LOK | |0 912 |a peet | ||
| LOK | |0 935 |a cofz |a zezb | ||
| LOK | |0 938 |l Volltext online u. Druckausg. |8 0 | ||
| LOK | |0 938 |l Einzellizenz |8 1 | ||
| LOK | |0 938 |l Kostenpflichtig |8 2 | ||
| LOK | |0 939 |a 30-10-18 |b zez | ||
| LOK | |0 000 xxxxxcx a22 zn 4500 | ||
| LOK | |0 001 3006982223 | ||
| LOK | |0 003 DE-627 | ||
| LOK | |0 004 791048802 | ||
| LOK | |0 005 20180424121610 | ||
| LOK | |0 008 180424||||||||||||||||ger||||||| | ||
| LOK | |0 040 |a DE-Tue135 |c DE-627 |d DE-Tue135 | ||
| LOK | |0 092 |o n | ||
| LOK | |0 852 |a DE-Tue135 | ||
| LOK | |0 852 1 |9 00 | ||
| LOK | |0 935 |a ixze |a ixzo | ||
| LOK | |0 939 |a 24-04-18 |b l01 | ||
| ORI | |a SA-MARC-ixtheoa001.raw | ||
| REL | |a 1 | ||
| SPR | |a 1 |b 1 |t BIB |t IXT |t REL | ||
| SUB | |a BIB |a REL | ||



